004920000a22001330004500090001700000245013200017041001400149700003500163700004000198100003700238942001300275773005300288999001700341 aASbSeriadas10aDinámica de la población zooplantónica (excepto protozoa) en la Laguna del Parque Norte, Medellín (Antioquia, Colombia)0 aEspañol1 aGaviria Melo, Santiago91002221 aRamíres Restrepo, John J.91002231 aGallo Sánchez, Lina J.9100224 cARTICULO1 tActualidades Biológicash81q231-241d2004g26 c15972d15972